Biblical interpretation : (Record no. 1067)

MARC details
000 -LEADER
fixed length control field 00983pam a2200277 a 4500
001 - CONTROL NUMBER
control field 690107
003 - CONTROL NUMBER IDENTIFIER
control field GBCCL
005 - DATE AND TIME OF LATEST TRANSACTION
control field 20241126110352.0
008 - FIXED-LENGTH DATA ELEMENTS--GENERAL INFORMATION
fixed length control field 960412s1996 ilu b 001 0 eng
010 ## -
-- 96019408
020 ## - INTERNATIONAL STANDARD BOOK NUMBER
International Standard Book Number 0830818804 (cloth : alk. paper)
040 ## - CATALOGING SOURCE
Original cataloging agency DLC
Transcribing agency DLC
Modifying agency DLC
050 00 -
-- BS476
-- .B59 1996
082 00 - DEWEY DECIMAL CLASSIFICATION NUMBER
Classification number 220.601
Edition information 20
Item number BRA
100 1# - MAIN ENTRY--PERSONAL NAME
Personal name Bray, Gerald Lewis.
9 (RLIN) 1900
245 10 - TITLE STATEMENT
Title Biblical interpretation :
Remainder of title past & present /
Statement of responsibility, etc. Gerald Bray.
260 ## - PUBLICATION, DISTRIBUTION, ETC.
Place of publication, distribution, etc. Downers Grove, Ill. :
Name of publisher, distributor, etc. InterVarsity Press,
Date of publication, distribution, etc. c1996.
300 ## - PHYSICAL DESCRIPTION
Extent 608 p. ;
Dimensions 24 cm.
504 ## - BIBLIOGRAPHY, ETC. NOTE
Bibliography, etc. note Includes bibliographical references (p. 589-592) and indexes.
630 00 - SUBJECT ADDED ENTRY--UNIFORM TITLE
Uniform title Bible
General subdivision Hermeneutics.
9 (RLIN) 1790
630 00 - SUBJECT ADDED ENTRY--UNIFORM TITLE
Uniform title Bible
General subdivision Criticism, interpretation, etc.
9 (RLIN) 144
906 ## - LOCAL DATA ELEMENT F, LDF (RLIN)
a 7
b cbc
c orignew
d 1
e ocip
f 19
g y-gencatlg
942 ## - ADDED ENTRY ELEMENTS (KOHA)
Source of classification or shelving scheme Dewey Decimal Classification
Koha item type Books
Koha issues (borrowed), all copies 6
Holdings
Withdrawn status Lost status Source of classification or shelving scheme Damaged status Not for loan Home library Current Library Shelving location Date acquired Total checkouts Total renewals Full call number Barcode Date last seen Date last checked out Copy number Price effective from Koha item type
    Dewey Decimal Classification     GRACE BIBLE COLLEGE GRACE BIBLE COLLEGE Biblical Studies 2017-04-11 6 1 220.601 BRA 010262 2025-05-01 2024-03-02 c.1 2017-04-11 Books
© Grace Bible College Library 2025